Eastern Utah Libraries Catalog: Duchesne, Heber, Roosevelt, & Vernal

Doña Flor : (Record no. 352039)

MARC details
000 -LEADER
fixed length control field 02443cam a2200493 a 4500
001 - CONTROL NUMBER
control field a3569497
003 - CONTROL NUMBER IDENTIFIER
control field SIRSI
005 - DATE AND TIME OF LATEST TRANSACTION
control field 20200911152253.0
008 - FIXED-LENGTH DATA ELEMENTS--GENERAL INFORMATION
fixed length control field 050203s2005 nyua b 000 1 eng
010 ## - LIBRARY OF CONGRESS CONTROL NUMBER
LC control number 2005040794
020 ## - INTERNATIONAL STANDARD BOOK NUMBER
International Standard Book Number 0375823379 (trade)
020 ## - INTERNATIONAL STANDARD BOOK NUMBER
International Standard Book Number 0375923373 (hardcover : lib. bdg.)
020 ## - INTERNATIONAL STANDARD BOOK NUMBER
International Standard Book Number 9780375823374
035 ## - SYSTEM CONTROL NUMBER
System control number (OCoLC)ocn369861807
040 ## - CATALOGING SOURCE
Original cataloging agency DLC
Transcribing agency DLC
Modifying agency DLC
-- UPB
Description conventions rda
042 ## - AUTHENTICATION CODE
Authentication code lcac
050 00 - LIBRARY OF CONGRESS CALL NUMBER
Classification number PZ7.M78819
Item number Don 2005
082 00 - DEWEY DECIMAL CLASSIFICATION NUMBER
Classification number [E]
Edition number 22
092 ## - LOCALLY ASSIGNED DEWEY CALL NUMBER (OCLC)
Classification number E Tales Mor
100 1# - MAIN ENTRY--PERSONAL NAME
Personal name Mora, Pat.
9 (RLIN) 5849997
245 10 - TITLE STATEMENT
Title Doña Flor :
Remainder of title a tall tale about a giant woman with a great big heart /
Statement of responsibility, etc by Pat Mora ; illustrated by Raul Colón.
250 ## - EDITION STATEMENT
Edition statement 1st ed.
260 ## - PUBLICATION, DISTRIBUTION, ETC. (IMPRINT)
Place of publication, distribution, etc New York :
Name of publisher, distributor, etc Alfred A. Knopf/Random House Children's Books,
Date of publication, distribution, etc ©2005.
264 ## - Production, Publication, Distribution, Manufacture, and Copyright Notice.
Place of production, publication, distribution, manufacture New York :
Name of producer, publisher, distributor, manufacturer A.A. Knopf, ©2005.
Date of production, publication, distribution, manufacture, or copyr ©2005.
300 ## - PHYSICAL DESCRIPTION
Extent [34] p. :
Other physical details col. ill. ;
Dimensions 31 cm.
336 ## - Content Type
Content type term text
337 ## - Media type
Media type term unmediated
338 ## - Carrier type
Carrier type term volume
520 ## - SUMMARY, ETC.
Summary, etc Doña Flor, a giant lady with a big heart, sets off to protect her neighbors from what they think is a dangerous animal, but soon discovers the tiny secret behind the huge noise.<br/>Colón has created a new tall tale heroine, Doña Flor, whose presence fills the pages of this book. She gazes above the mountains, her eye looks through a doorway, and she dwarfs the mighty puma. The spectacular illustrations perfectly match the story and accurately reflect the culture and landscape of the American Southwest,” said Scotto
521 2# - TARGET AUDIENCE NOTE
Target audience note Grades PreK-3
583 ## - ACTION NOTE
Action Cat
Action identification juv
Time/date of action 20070113
Action agent gik
Institution to which field applies UPB
586 ## - AWARDS NOTE
Awards note Pura Belpré Illustrator Award Winner (2006); Pura Belpré Author Award Honor Book (2006); American Library Association Notables (2005).
650 #0 - SUBJECT ADDED ENTRY--TOPICAL TERM
Topical term or geographic name as entry element Giants
Form subdivision Juvenile fiction.
9 (RLIN) 5677289
650 #0 - SUBJECT ADDED ENTRY--TOPICAL TERM
Topical term or geographic name as entry element Puma
Form subdivision Juvenile fiction.
9 (RLIN) 5776374
650 #0 - SUBJECT ADDED ENTRY--TOPICAL TERM
Topical term or geographic name as entry element Villages
Form subdivision Juvenile fiction.
9 (RLIN) 5724281
650 #0 - SUBJECT ADDED ENTRY--TOPICAL TERM
Topical term or geographic name as entry element Pura Belpré Award
9 (RLIN) 6365023
650 #0 - SUBJECT ADDED ENTRY--TOPICAL TERM
Topical term or geographic name as entry element Culturally authentic literature
9 (RLIN) 6365014
655 #0 - INDEX TERM--GENRE/FORM
Genre/form data or focus term Tall tales
Form subdivision Juvenile fiction.
9 (RLIN) 6367054
655 #0 - INDEX TERM--GENRE/FORM
Genre/form data or focus term Picture books for children
Form subdivision Juvenile fiction.
9 (RLIN) 5729356
700 1# - ADDED ENTRY--PERSONAL NAME
Personal name Colón, Raúl
Relator term ill.
9 (RLIN) 40426
856 42 - ELECTRONIC LOCATION AND ACCESS
Materials specified Contributor biographical information
Uniform Resource Identifier <a href="http://www.loc.gov/catdir/enhancements/fy0623/2005040794-b.html">http://www.loc.gov/catdir/enhancements/fy0623/2005040794-b.html</a>
856 42 - ELECTRONIC LOCATION AND ACCESS
Materials specified Publisher description
Uniform Resource Identifier <a href="http://www.loc.gov/catdir/enhancements/fy0623/2005040794-d.html">http://www.loc.gov/catdir/enhancements/fy0623/2005040794-d.html</a>
942 ## - ADDED ENTRY ELEMENTS (KOHA)
Source of classification or shelving scheme Dewey Decimal Classification
Koha item type BOOK
Holdings
Withdrawn status Lost status Source of classification or shelving scheme Damaged status Not for loan Collection code Home library Current library Shelving location Date acquired Source of acquisition Total Checkouts Total Renewals Full call number Barcode Date last seen Date checked out Cost, replacement price Price effective from Koha item type
    Dewey Decimal Classification     Children Culturally Authentic Literature Wasatch County Library Wasatch County Library Main Floor Childrens Area 07/27/2020 SEBCO 4 2 E Tales Mor 34301001693367 05/12/2025 04/18/2025 16.99 07/27/2020 BOOK
This project was made possible through a grant from the Institute of Museum and Library Service administered by the Utah State Library Division.

Wasatch County Library

  • 465 East 1200 South, Heber City, Utah 84032
  • Phone 435-654-1511 | Fax 435-654-6456

Hours

  • Monday - Friday 9:30 AM - 8:00 PM
  • Saturday 9:30 AM - 1:30 PM
  • Closed Sundays and Holidays